[Event "American Continental 19th"]
[Site "Foz do Iguacu"]
[Date "2025.05.24"]
[Round "2"]
[White "Da Silva Borges, Rodrigo"]
[Black "Filgueiras, Nathan Felipe"]
[Result "0-1"]
[WhiteElo "2146"]
[BlackElo "2370"]
[PlyCount "58"]
[EventDate "2025.05.23"]
[EventType "swiss"]
[EventRounds "11"]
[EventCountry "BRA"]
[SourceTitle "CB23_2025"]
[SourceDate "2025.06.04"]
[SourceVersion "1"]
[SourceVersionDate "2025.06.04"]
[SourceQuality "1"]

1. d4 Nf6 2. c4 e6 3. Nc3 d5 4. Bg5 Be7 5. e3 0-0 6. Nf3 b6 7. cxd5 Nxd5 8. Bxe7 Qxe7 9. Nxd5 exd5 10. Bd3 c5 11. Rc1 c4 12. Bb1 Qb4+ 13. Nd2 Be6 14. 0-0 Qxb2 15. f4 f5 16. Nf3 Qa3 17. Ng5 Qd6 18. g4 Nc6 19. Qf3 Rae8 20. Qh3 h6 21. gxf5 Bd7 22. Rf3 hxg5 23. fxg5 Kf7 24. Qh7 Rh8 25. f6 Rxh7 26. g6+ Ke6 27. Bf5+ Kxf6 28. Bxd7+ Ke7 29. Rf7+ Kd8 0-1

[Event "Cidreira op"]
[Site "Cidreira"]
[Date "2025.05.02"]
[Round "3"]
[White "Medeiros, Thauane Ferreira"]
[Black "Da Silva Borges, Rodrigo"]
[Result "1/2-1/2"]
[WhiteElo "1972"]
[BlackElo "2146"]
[PlyCount "54"]
[EventDate "2025.05.01"]
[EventType "swiss"]
[EventRounds "7"]
[EventCountry "BRA"]
[SourceTitle "CB19_2025"]
[SourceDate "2025.05.07"]
[SourceVersion "1"]
[SourceVersionDate "2025.05.07"]
[SourceQuality "1"]

1. d4 d5 2. Bf4 c5 3. e3 Nc6 4. Nf3 cxd4 5. exd4 Bg4 6. c3 e6 7. h3 Bxf3 8. Qxf3 Bd6 9. Nd2 Nge7 10. Nb3 0-0 11. Bxd6 Qxd6 12. Be2 f6 13. 0-0 e5 14. Qg3 Nf5 15. Qg4 g6 16. dxe5 fxe5 17. Rad1 Kh8 18. Bf3 Nfe7 19. Be4 Rad8 20. Qe2 Qf6 21. Bc2 b6 22. Nd2 Nf5 23. Ba4 e4 24. Bxc6 Qxc6 25. Nb3 Qa4 26. Nd4 Qd7 27. Rfe1 Qf7 1/2-1/2

[Event "BRA-ch 90th"]
[Site "Natal"]
[Date "2024.12.17"]
[Round "7"]
[White "Da Silva Borges, Rodrigo"]
[Black "Macedo, Maximo Valerio"]
[Result "1-0"]
[WhiteElo "2158"]
[BlackElo "1937"]
[PlyCount "45"]
[EventDate "2024.12.13"]
[EventType "swiss"]
[EventRounds "11"]
[EventCountry "BRA"]
[SourceTitle "CB52_2024"]
[SourceDate "2024.12.25"]
[SourceVersion "1"]
[SourceVersionDate "2024.12.25"]
[SourceQuality "1"]

1. e4 e5 2. Nf3 Qe7 3. Bc4 d6 4. 0-0 Be6 5. Bxe6 Qxe6 6. d4 Nd7 7. Nc3 0-0-0 8. Be3 Nb6 9. d5 Qe8 10. a4 Kb8 11. a5 Nc8 12. b4 h6 13. b5 Nf6 14. Nd2 Nd7 15. Qe2 Be7 16. Nc4 Bg5 17. b6 cxb6 18. axb6 Bxe3 19. Qxe3 a6 20. Rfb1 Qe7 21. Na5 Nc5 22. Nc6+ bxc6 23. dxc6 1-0

[Event "BRA-ch 90th"]
[Site "Natal"]
[Date "2024.12.15"]
[Round "5"]
[White "Da Silva Borges, Rodrigo"]
[Black "Martins, Alan Pedro Vasconce"]
[Result "1-0"]
[WhiteElo "2158"]
[BlackElo "1834"]
[PlyCount "105"]
[EventDate "2024.12.13"]
[EventType "swiss"]
[EventRounds "11"]
[EventCountry "BRA"]
[SourceTitle "CB52_2024"]
[SourceDate "2024.12.25"]
[SourceVersion "1"]
[SourceVersionDate "2024.12.25"]
[SourceQuality "1"]

1. e4 c6 2. d4 d5 3. e5 c5 4. dxc5 e6 5. a3 Bxc5 6. Qg4 g6 7. Bd3 Nc6 8. Nf3 f6 9. b4 Be7 10. Bb2 Nxe5 11. Nxe5 fxe5 12. Bxe5 Bf6 13. f4 a5 14. Nc3 Nh6 15. Qe2 0-0 16. b5 Bxe5 17. Qxe5 Qf6 18. Qxf6 Rxf6 19. 0-0 Bd7 20. Ne2 Rc8 21. Rac1 Ng4 22. h3 Ne3 23. Rf3 Nc4 24. a4 Nb2 25. Ra1 Nxd3 26. cxd3 Rc2 27. Nd4 Rc3 28. Kf2 Rf8 29. Ke3 b6 30. Rff1 Rfc8 31. Kd2 Kf7 32. g4 R8c5 33. g5 Ke7 34. h4 Kf7 35. Rfc1 Rxc1 36. Rxc1 Rxc1 37. Kxc1 Ke7 38. Nf3 Kf8 39. Kd2 Kg7 40. Kc3 h5 41. Kd4 Kf8 42. Ke5 Ke7 43. Nd4 Be8 44. Nxe6 Bf7 45. Nd4 Be8 46. Kxd5 Kd7 47. Ke5 Ke7 48. Ne2 Bd7 49. Nc3 Bf5 50. Nd5+ Kd8 51. Kd4 Kd7 52. Nxb6+ Kc7 53. Nc4 1-0

[Event "Alegre op"]
[Site "Alegre"]
[Date "2024.03.09"]
[Round "3"]
[White "Pereira, Armando Scharlau"]
[Black "Da Silva Borges, Rodrigo"]
[Result "0-1"]
[WhiteElo "1779"]
[BlackElo "2168"]
[PlyCount "66"]
[EventDate "2024.03.08"]
[EventType "swiss"]
[EventRounds "5"]
[EventCountry "BRA"]
[SourceTitle "CBM 219 Extra"]
[Source "ChessBase"]
[SourceDate "2024.05.31"]
[SourceVersion "1"]
[SourceVersionDate "2024.05.31"]
[SourceQuality "1"]

1. d4 d5 2. Nf3 Bf5 3. c3 Nc6 4. Bf4 e6 5. e3 Bd6 6. Bd3 Nf6 7. 0-0 0-0 8. a3 Ne4 9. Qc2 Bg6 10. Nbd2 Nxd2 11. Qxd2 Rb8 12. b4 Re8 13. Bxg6 hxg6 14. Rad1 Ne7 15. Ne5 Bxe5 16. Bxe5 b5 17. f3 Nc8 18. Qd3 Qd7 19. e4 Nb6 20. Bf4 Nc4 21. Bc1 Rb6 22. Rf2 Ra6 23. Ra2 Ra4 24. Re1 a5 25. exd5 Qxd5 26. Bf4 c6 27. Raa1 Ra8 28. Bc1 axb4 29. cxb4 e5 30. Be3 exd4 31. Qxd4 Qxd4 32. Bxd4 f6 33. Kf2 Nxa3 0-1

[Event "Pelotas Gaucho op"]
[Site "Pelotas"]
[Date "2023.10.13"]
[Round "3"]
[White "Spritzer, Abrao Rafael"]
[Black "Da Silva Borges, Rodrigo"]
[Result "0-1"]
[WhiteElo "1834"]
[BlackElo "2183"]
[PlyCount "77"]
[EventDate "2023.10.12"]
[EventType "swiss"]
[EventRounds "7"]
[EventCountry "BRA"]
[SourceTitle "CBM 216 Extra"]
[Source "ChessBase"]
[SourceDate "2023.11.30"]
[SourceVersion "1"]
[SourceVersionDate "2023.11.30"]
[SourceQuality "1"]

1. e4 e5 2. Nf3 Nc6 3. Bb5 a6 4. Ba4 Nf6 5. 0-0 Be7 6. c3 Nxe4 7. Re1 Nc5 8. Bc2 d6 9. d4 Nd7 10. dxe5 Ndxe5 11. Nxe5 Nxe5 12. f4 Nc6 13. Qh5 Qd7 14. h3 b6 15. Nd2 g6 16. Qh6 Bb7 17. Qg7 0-0-0 18. Qxf7 Rdf8 19. Qc4 Bh4 20. Rf1 Ne7 21. Nf3 Bf6 22. Be3 Nf5 23. Bf2 Qb5 24. Qxb5 axb5 25. Bxf5+ gxf5 26. Nd4 Rhg8 27. g3 b4 28. Kh2 bxc3 29. bxc3 Be4 30. Rfe1 h5 31. Rg1 Kd7 32. Rad1 Ra8 33. Rd2 Ra3 34. Nb5 Ra5 35. c4 Rga8 36. Rgd1 Rxa2 37. Bd4 Bxd4 38. Nxd4 Rxd2+ 39. Rxd2 0-1

[Event "Porto Alegre op"]
[Site "Porto Alegre"]
[Date "2023.05.07"]
[Round "7"]
[White "Backes, Jorge Henrique Marx"]
[Black "Da Silva Borges, Rodrigo"]
[Result "0-1"]
[WhiteElo "1888"]
[BlackElo "2199"]
[PlyCount "50"]
[EventDate "2023.05.05"]
[EventType "swiss"]
[EventRounds "7"]
[EventCountry "BRA"]
[SourceTitle "CBM 214 Extra"]
[Source "ChessBase"]
[SourceDate "2023.07.31"]
[SourceVersion "1"]
[SourceVersionDate "2023.07.31"]
[SourceQuality "1"]

1. c4 e5 2. Nc3 Nf6 3. Nf3 e4 4. Ng5 c6 5. Ncxe4 Nxe4 6. Nxe4 d5 7. cxd5 cxd5 8. Ng3 h5 9. e3 Nc6 10. Nxh5 Bd6 11. Bb5 Qg5 12. Bxc6+ bxc6 13. Qa4 Bd7 14. Nf4 c5 15. Qa6 Bxf4 16. exf4 Qxg2 17. Qf1 Qg6 18. Rg1 Qc2 19. Rg3 Kf8 20. Re3 Rxh2 21. Qg1 Rh6 22. d3 d4 23. Re5 f6 24. Re2 Qxd3 25. Bd2 Bg4 0-1

[Event "Porto Alegre Regional Sul"]
[Site "Porto Alegre"]
[Date "2019.12.15"]
[Round "5"]
[White "Da Silva Borges, Rodrigo"]
[Black "Calsing, Ado"]
[Result "0-1"]
[WhiteElo "2229"]
[BlackElo "1779"]
[PlyCount "122"]
[EventDate "2019.12.13"]
[EventType "swiss"]
[EventRounds "5"]
[EventCountry "BRA"]
[SourceTitle "EXT 2021"]
[Source "ChessBase"]
[SourceDate "2020.10.23"]
[SourceVersion "1"]
[SourceVersionDate "2020.10.23"]
[SourceQuality "1"]

1. e4 c5 2. Nf3 e6 3. d3 Nc6 4. g3 Nf6 5. Bg2 Be7 6. 0-0 d5 7. Nbd2 b6 8. Re1 Bb7 9. a3 Qc7 10. Qe2 Ne5 11. Nxe5 Qxe5 12. d4 Qc7 13. e5 Nd7 14. c3 cxd4 15. cxd4 a5 16. Qg4 0-0 17. Nf1 Rfc8 18. Bh6 Bf8 19. Ne3 Kh8 20. Bf4 Be7 21. h4 Qd8 22. h5 h6 23. Qh3 Nf8 24. g4 Nh7 25. Bg3 Ng5 26. Qh1 Ne4 27. Rad1 Nxg3 28. fxg3 Bg5 29. Bf1 Ba6 30. Bxa6 Rxa6 31. Qf3 Bxe3+ 32. Qxe3 Ra7 33. Re2 Rac7 34. Rf1 Kg8 35. Ref2 Qg5 36. Qf3 Rf8 37. Kg2 Rc1 38. Rxc1 Qxc1 39. Qb3 Rb8 40. Rc2 Qe1 41. Qd3 b5 42. Rc5 b4 43. a4 Ra8 44. b3 Qa1 45. Qd2 Qb1 46. Qe3 Qd1 47. Qf4 Qxb3 48. g5 hxg5 49. Qxg5 Qb2+ 50. Kh3 Qb1 51. h6 Qh1+ 52. Kg4 Qxh6 53. Qxh6 gxh6 54. Rb5 Rc8 55. Rxa5 Rb8 56. Rc5 b3 57. Rc1 Rb4 58. Rb1 Rxa4 59. Rxb3 Rxd4+ 60. Kh5 Kg7 61. Re3 Re4 0-1

[Event "Florianopolis op 3rd"]
[Site "Florianopolis"]
[Date "2017.01.24"]
[Round "7"]
[White "Da Silva Borges, Rodrigo"]
[Black "Borges, Guilherme Deola"]
[Result "1-0"]
[WhiteElo "2269"]
[BlackElo "2092"]
[PlyCount "85"]
[EventDate "2017.01.20"]
[EventType "swiss"]
[EventRounds "10"]
[EventCountry "BRA"]
[SourceTitle "CBM 176 Extra"]
[Source "ChessBase"]
[SourceDate "2017.03.02"]
[SourceVersion "1"]
[SourceVersionDate "2017.03.02"]
[SourceQuality "1"]

1. d4 Nf6 2. c4 g6 3. Nc3 Bg7 4. e4 d6 5. Be2 0-0 6. Nf3 e5 7. 0-0 Nc6 8. d5 Ne7 9. a4 a5 10. b3 Nd7 11. Ba3 f5 12. Ng5 Nc5 13. b4 axb4 14. Bxb4 h6 15. Bxc5 dxc5 16. Ne6 Bxe6 17. dxe6 c6 18. Qxd8 Rfxd8 19. Rab1 Ra7 20. Rb3 Nc8 21. exf5 gxf5 22. g4 fxg4 23. Bxg4 Rd4 24. h3 Nd6 25. Kh1 Rxc4 26. Rg1 Rb4 27. e7 Rxb3 28. Be6+ Kh8 29. Bxb3 b6 30. Rg6 Ne8 31. Rxc6 Rxe7 32. Nd5 Rf7 33. Rc8 Rf8 34. Ne7 Bf6 35. Ng6+ Kg7 36. Nxf8 Kxf8 37. Rc6 Bd8 38. Rxh6 Nf6 39. Rh8+ Ke7 40. Kg2 Ne4 41. Rh7+ Kd6 42. Rh6+ Ke7 43. Re6+ 1-0

[Event "Florianopolis op 3rd"]
[Site "Florianopolis"]
[Date "2017.01.22"]
[Round "4"]
[White "Caxita, Esperanca"]
[Black "Da Silva Borges, Rodrigo"]
[Result "0-1"]
[WhiteElo "1833"]
[BlackElo "2269"]
[PlyCount "152"]
[EventDate "2017.01.20"]
[EventType "swiss"]
[EventRounds "10"]
[EventCountry "BRA"]
[SourceTitle "CBM 176 Extra"]
[Source "ChessBase"]
[SourceDate "2017.03.02"]
[SourceVersion "1"]
[SourceVersionDate "2017.03.02"]
[SourceQuality "1"]

1. e4 c5 2. Nf3 Nc6 3. d4 cxd4 4. Nxd4 Nf6 5. Nc3 d6 6. Bc4 e6 7. Be3 a6 8. f3 Be7 9. Qe2 Nxd4 10. Bxd4 b5 11. Bd3 0-0 12. 0-0 e5 13. Be3 Be6 14. a3 Rc8 15. Rad1 Rxc3 16. bxc3 Qc7 17. a4 bxa4 18. Ra1 d5 19. Rxa4 dxe4 20. fxe4 Ng4 21. Kh1 Nxe3 22. Qxe3 a5 23. Rfa1 Bc5 24. Qe1 Bb6 25. c4 Bd7 26. Rxa5 Bxa5 27. Qxa5 Qb8 28. c5 Qb2 29. Qa2 Qd4 30. Qa7 Bc6 31. Qa5 h5 32. Rb1 Ra8 33. Qb6 Ra1 34. h3 Rxb1+ 35. Qxb1 Qxc5 36. Qb8+ Kh7 37. Qc8 g6 38. Qc7 Kg7 39. Kh2 h4 40. Qd8 Qf2 41. Qg5 f6 42. Qg4 Kh6 43. Kh1 Kg7 44. Kh2 Qf4+ 45. Qxf4 exf4 46. Kg1 Kf7 47. Bc4+ Ke7 48. Bd5 Ba4 49. c3 Kd6 50. Kf2 Ke5 51. Bf7 g5 52. Bg6 Bd1 53. Bf5 Bc2 54. Kf3 Bd1+ 55. Kf2 Bh5 56. Bh7 Bf7 57. Bf5 Be8 58. Bh7 Ba4 59. Bf5 Kd6 60. Ke2 Bb5+ 61. Ke1 Kc5 62. Bg4 Bc6 63. Bf3 Bb5 64. Bg4 Bd3 65. Bf3 Kd6 66. Kd2 Bb5 67. Be2 Bc6 68. Bf3 Kc5 69. Kd3 Bb5+ 70. Kd2 Bf1 71. Ke1 Bd3 72. Kd1 Kb5 73. Be2 Kc4 74. Kd2 Bxe2 75. Kxe2 Kxc3 76. Kf3 Kd4 0-1

[Event "Florianopolis op 3rd"]
[Site "Florianopolis"]
[Date "2017.01.21"]
[Round "2"]
[White "Shirov, Alexei"]
[Black "Da Silva Borges, Rodrigo"]
[Result "1-0"]
[WhiteElo "2683"]
[BlackElo "2269"]
[PlyCount "73"]
[EventDate "2017.01.20"]
[EventType "swiss"]
[EventRounds "10"]
[EventCountry "BRA"]
[SourceTitle "CBM 176 Extra"]
[Source "ChessBase"]
[SourceDate "2017.03.02"]
[SourceVersion "1"]
[SourceVersionDate "2017.03.02"]
[SourceQuality "1"]

1. e4 c5 2. Nf3 Nc6 3. d4 cxd4 4. Nxd4 g6 5. c4 Nf6 6. Nc3 Nxd4 7. Qxd4 d6 8. Bg5 Bg7 9. Qd2 0-0 10. Bd3 a5 11. a4 Nd7 12. Nd5 Re8 13. h4 Nc5 14. h5 Be6 15. hxg6 hxg6 16. Bh6 Bxd5 17. cxd5 Bf6 18. Ra3 Qb6 19. Bb5 Nxe4 20. Qe3 Qd4 21. Qxd4 Bxd4 22. Bxe8 Rxe8 23. Be3 Bxe3 24. Rxe3 Rc8 25. Rh4 f5 26. f3 Rc1+ 27. Ke2 Ng3+ 28. Kd3 g5 29. Rc4 Rxc4 30. Kxc4 Kf7 31. Rb3 Nf1 32. Kd3 f4 33. Rxb7 Ne3 34. b4 Ke8 35. bxa5 Kd8 36. a6 Kc8 37. Rb5 1-0

[Event "Florianopolis op 3rd"]
[Site "Florianopolis"]
[Date "2017.01.20"]
[Round "1"]
[White "Da Silva Borges, Rodrigo"]
[Black "Acosta, Pablo Alejandro"]
[Result "1-0"]
[WhiteElo "2269"]
[BlackElo "2058"]
[PlyCount "65"]
[EventDate "2017.01.20"]
[EventType "swiss"]
[EventRounds "10"]
[EventCountry "BRA"]
[SourceTitle "CBM 176 Extra"]
[Source "ChessBase"]
[SourceDate "2017.03.02"]
[SourceVersion "1"]
[SourceVersionDate "2017.03.02"]
[SourceQuality "1"]

1. e4 e6 2. d4 d5 3. Nc3 Nf6 4. Bg5 Bb4 5. e5 h6 6. Bc1 Ne4 7. a3 Ba5 8. Qg4 g6 9. Bd3 c5 10. Nge2 Nc6 11. 0-0 h5 12. Qf4 g5 13. Qf3 Nxc3 14. Nxc3 c4 15. Be2 Nxd4 16. Qe3 Bxc3 17. bxc3 Nxc2 18. Qg3 Nxa1 19. Bxg5 Qc7 20. Rxa1 Kd7 21. Bf6 Rh6 22. Qg7 Rxf6 23. Qxf6 Qd8 24. Qxf7+ Kc6 25. Bxh5 Qg5 26. Qe8+ Kc7 27. f4 Qxf4 28. Qe7+ Kb6 29. Qd6+ Ka5 30. Qc5+ Ka6 31. Be8 b6 32. Bb5+ Kb7 33. Bc6+ 1-0

[Event "Porto Alegre Oncosinos op"]
[Site "Porto Alegre"]
[Date "2016.11.26"]
[Round "3"]
[White "Fonseca, Luis Ernesto Serra"]
[Black "Da Silva Borges, Rodrigo"]
[Result "0-1"]
[WhiteElo "1972"]
[BlackElo "2258"]
[PlyCount "62"]
[EventDate "2016.11.25"]
[EventType "swiss"]
[EventRounds "5"]
[EventCountry "BRA"]
[SourceTitle "CBM 175 Extra"]
[Source "ChessBase"]
[SourceDate "2016.12.12"]
[SourceVersion "1"]
[SourceVersionDate "2016.12.12"]
[SourceQuality "1"]

1. e4 c5 2. Nf3 d6 3. d4 cxd4 4. Nxd4 Nf6 5. Nc3 a6 6. Be3 e6 7. f3 b5 8. g4 Nfd7 9. Qd2 Nb6 10. h4 N8d7 11. a4 bxa4 12. Nxa4 Nxa4 13. Rxa4 Bb7 14. Nb3 Be7 15. Na5 Ne5 16. Kf2 Bc8 17. Nc4 Nxc4 18. Bxc4 0-0 19. Kg2 Qc7 20. h5 Bd7 21. Qa5 Qc8 22. h6 g6 23. Qc3 e5 24. Ra5 Bxg4 25. fxg4 Qxg4+ 26. Kf1 Rac8 27. Bf2 d5 28. Be2 Qxe4 29. Qf3 f5 30. Rxd5 Rxc2 31. Qxe4 fxe4 0-1

[Event "Porto Alegre Gaucho op"]
[Site "Porto Alegre"]
[Date "2015.11.01"]
[Round "4"]
[White "Da Silva Borges, Rodrigo"]
[Black "Menna Barreto, Felipe Kubiaki"]
[Result "1/2-1/2"]
[WhiteElo "2272"]
[BlackElo "2275"]
[PlyCount "70"]
[EventDate "2015.10.31"]
[EventType "swiss"]
[EventRounds "6"]
[EventCountry "BRA"]
[SourceTitle "CBM 169 Extra"]
[Source "ChessBase"]
[SourceDate "2015.12.18"]
[SourceVersion "1"]
[SourceVersionDate "2015.12.18"]
[SourceQuality "1"]

1. e4 e5 2. Nf3 Nc6 3. Bb5 a6 4. Ba4 Nf6 5. 0-0 Be7 6. Re1 b5 7. Bb3 d6 8. c3 0-0 9. h3 Na5 10. Bc2 c5 11. d4 Qc7 12. Nbd2 cxd4 13. cxd4 Nc6 14. a3 exd4 15. Nb3 d3 16. Bxd3 Ne5 17. Bf4 Nfd7 18. Rc1 Qd8 19. Nfd4 Nxd3 20. Qxd3 Ne5 21. Qe2 Bg5 22. Bxg5 Qxg5 23. Nf3 Nxf3+ 24. Qxf3 Be6 25. Nd4 Rac8 26. Rxc8 Rxc8 27. Nxe6 fxe6 28. Qb3 Qe5 29. f4 Qd4+ 30. Kh2 Rc4 31. Rd1 Qxe4 32. Rxd6 Qxf4+ 33. Qg3 Qxg3+ 34. Kxg3 a5 35. Rxe6 Rc2 1/2-1/2

[Event "Porto Alegre Gaucho op"]
[Site "Porto Alegre"]
[Date "2015.10.31"]
[Round "1"]
[White "Bidigaray, Marcio"]
[Black "Da Silva Borges, Rodrigo"]
[Result "0-1"]
[WhiteElo "1652"]
[BlackElo "2272"]
[PlyCount "84"]
[EventDate "2015.10.31"]
[EventType "swiss"]
[EventRounds "6"]
[EventCountry "BRA"]
[SourceTitle "CBM 169 Extra"]
[Source "ChessBase"]
[SourceDate "2015.12.18"]
[SourceVersion "1"]
[SourceVersionDate "2015.12.18"]
[SourceQuality "1"]

1. e4 c5 2. Nf3 d6 3. d4 cxd4 4. Nxd4 Nf6 5. Nc3 a6 6. Bc4 e6 7. 0-0 Be7 8. Be3 Nc6 9. Bb3 0-0 10. Qf3 Bd7 11. Qg3 b5 12. Nxc6 Bxc6 13. f3 Kh8 14. Rad1 Qb8 15. Ne2 a5 16. a3 a4 17. Ba2 b4 18. Nd4 Bd7 19. Bc4 bxa3 20. bxa3 d5 21. e5 Nh5 22. Qg4 Qxe5 23. Bd3 Qxe3+ 24. Kh1 Qg5 25. Qh3 Qh4 26. f4 Qxh3 27. gxh3 Bxa3 28. Rde1 Bd6 29. Re2 Nxf4 30. Rxf4 Bxf4 31. Rg2 a3 32. Rg4 a2 33. Nb3 a1Q+ 34. Nxa1 Rxa1+ 35. Kg2 e5 36. Be2 Bxg4 37. hxg4 e4 38. h4 Rc8 39. g5 Rxc2 40. Kf2 d4 41. h5 d3 42. g6 Rxe2# 0-1